000 00716nam a22002297a 4500
005 20170124110031.0
010 _aA-742532
020 _c00.00
035 _aA-742532
037 _bCen Lib/Ret
040 _aDPL
_bEN
082 _a374
_bMAN
100 _aMani, Gomathi
_921720
245 _aAdult learning :
_cby Gomathi Mani
_btheory and practice /
260 _aNew Delhi
_bSterling Publishers
_c1994
270 _bNew Delhi
_aL-10, Green Park Extension
_e110016
300 _a228p.
_c20cm(Hb)
500 _aIncludes bibliographical references and index
650 _aAdult education
_920364
650 _aTeaching adult--Theoretical perspectives
_921721
942 _2ddc
_cEN
_h374
_mMAN
999 _c127851
_d127851